| 000 | 00778nam a22001577a 4500 | ||
|---|---|---|---|
| 003 | OSt | ||
| 005 | 20151004102707.0 | ||
| 008 | 151004b xxu||||| |||| 00| 0 eng d | ||
| 040 | _cRUA | ||
| 082 | _aAVM LY 2002 B073 Or.1 | ||
| 100 |
_91990 _aLY, MUYKHENG. |
||
| 245 | _aThe effectiveness of improved for sow using local feed resour in farmer community of banteay chey (ប្រសិទ្ថភាពនៃការកែលំអចំណីសំរាប់ជ្រូកមេដោយប្រើប្រាស់ធនធានចំណីក្នុងស្រុកនៅក្នុងសហគមន៏កសិករខេត្តបន្ទាយមានជ័យ) | ||
| 260 |
_aPhnom Penh _bRUA _c2002 |
||
| 300 |
_avii,46p. _bill. _c29cm. |
||
| 942 |
_2ddc _cAVM |
||
| 999 |
_c1882 _d1882 |
||